Chaos in nature (Record no. 12210)

MARC details
000 -LEADER
fixed length control field 00666 a2200217 4500
001 - CONTROL NUMBER
control field 139966
003 - CONTROL NUMBER IDENTIFIER
control field OSt
005 - DATE AND TIME OF LATEST TRANSACTION
control field 20260116171247.0
008 - FIXED-LENGTH DATA ELEMENTS--GENERAL INFORMATION
fixed length control field
020 ## - INTERNATIONAL STANDARD BOOK NUMBER
International Standard Book Number 9789814374422
082 ## - DEWEY DECIMAL CLASSIFICATION NUMBER
Classification number 003.857
Item number L56C
100 1# - MAIN ENTRY--PERSONAL NAME
Personal name Letellier, Christophe
245 1# - TITLE STATEMENT
Title Chaos in nature
Statement of responsibility, etc by Christophe Letellier
260 ## - PUBLICATION, DISTRIBUTION, ETC. (IMPRINT)
Place of publication, distribution, etc New Jersey
Name of publisher, distributor, etc World Scientific
Date of publication, distribution, etc 2013
300 ## - PHYSICAL DESCRIPTION
Extent 378p.
490 ## - SERIES STATEMENT
Series statement world scientific series on nonlinear science edited by Leon O. Chua
546 ## - LANGUAGE NOTE
Language note english
650 ## - SUBJECT ADDED ENTRY--TOPICAL TERM
Topical term or geographic name as entry element Mathematics
653 ## - INDEX TERM--UNCONTROLLED
Uncontrolled term Mechanics, Analytic; Nonlinear theories; Celestial mechanics; Chaotic behavior in systems
942 ## - ADDED ENTRY ELEMENTS (KOHA)
Source of classification or shelving scheme Dewey Decimal Classification
Koha item type Books
Holdings
Withdrawn status Lost status Source of classification or shelving scheme Damaged status Not for loan Collection code Home library Current library Department Date acquired Source of acquisition Cost, normal purchase price Inventory number(Invoice/Date) Total Checkouts Full call number Barcode Date last seen Price effective from Koha item type
    Dewey Decimal Classification     General Text Book Central University Of Rajasthan Central University Of Rajasthan Mathematics 12/03/2014 Pranay Books 7334.70 167/13.09.13   003.857 L56C 15837 21/11/2024 02/09/2020 Books